"There's no one as Irish as Barack O'Bama': The policy and politics of American multiracialism (Record no. 89477)

000 -LEADER
fixed length control field 00468pab a2200169 454500
008 - FIXED-LENGTH DATA ELEMENTS--GENERAL INFORMATION
fixed length control field 180718b2010 xxu||||| |||| 00| 0 eng d
100 ## - MAIN ENTRY--PERSONAL NAME
Personal name Hochschild, Jennifer
245 ## - TITLE STATEMENT
Title "There's no one as Irish as Barack O'Bama': The policy and politics of American multiracialism
260 ## - PUBLICATION, DISTRIBUTION, ETC.
Date of publication, distribution, etc. 2010
300 ## - PHYSICAL DESCRIPTION
Extent p.737-759.
362 ## - DATES OF PUBLICATION AND/OR SEQUENTIAL DESIGNATION
Dates of publication and/or sequential designation Sep
650 ## - SUBJECT ADDED ENTRY--TOPICAL TERM
Topical term or geographic name entry element Ethnic groups
700 ## - ADDED ENTRY--PERSONAL NAME
Personal name Weaver, Vesla Mae
773 ## - HOST ITEM ENTRY
Main entry heading Perspectives on Politics
908 ## - PUT COMMAND PARAMETER (RLIN)
Put command parameter N
909 ## -
-- 89477
Holdings
Withdrawn status Lost status Damaged status Not for loan Permanent Location Current Location Date acquired Serial Enumeration / chronology Barcode Date last seen Price effective from Koha item type
        Indian Institute of Public Administration Indian Institute of Public Administration 2018-07-19 Volume no: 8, Issue no: 3 AR89937 2018-07-19 2018-07-19 Articles

Powered by Koha